000 00336nam a2200133Ia 4500
008 220204s9999 xx 000 0 und d
082 _a065
_bNAV
100 _aNavin Chanda Joshi
245 0 _aManagement: Concepts and analysis
260 _aDelhi
_bVivek
_c1977
650 _aManagement
650 _aManagerial functions
942 _cBK
999 _c39326
_d39326